Normal view
MARC view
- Badariah Khalid
Entry Personal Name
001 - CONTROL NUMBER
- control field: 171
003 - CONTROL NUMBER IDENTIFIER
- control field: OSt
005 - DATE AND TIME OF LATEST TRANSACTION
- control field: 20170413140548.0
008 - FIXED-LENGTH DATA ELEMENTS
- fixed length control field: 170413|| aca||aabn | a|a d
040 ## - CATALOGING SOURCE
- Original cataloging agency: OSt
- Transcribing agency: OSt
100 ## - HEADING--PERSONAL NAME
- Personal name: Badariah Khalid
670 ## - SOURCE DATA FOUND
- Source citation: Work cat.: (OSt)0: Haneef, Sayed Sikandar Shah, 1959- 167, Undang-undang keterangan Islam /, 2003

PORTAL AKMAL
E-MEL JKDM
AKMAL2U
G-BAM
u-PUSTAKA